000 00376nam a2200145Ia 4500
008 231129s2017||||xx |||||||||||||| ||spa||
020 _a978-84-08-16716-7
040 _bspa
082 _a823 B275e
100 _aBarrie J. M.
245 0 _aPeter Pan y Wendy
260 _c2017
264 _aBarcelona EspaƱa : Planeta
942 _2ddc
_cBKS
999 _c22725
_d22725